| 000 | 00561nam a22002177a 4500 | ||
|---|---|---|---|
| 003 | OSt | ||
| 005 | 20210415113032.0 | ||
| 008 | 210310s2005 ||||| |||| 00| 0 eng d | ||
| 020 | _a1400096715 | ||
| 040 |
_aeng _beng _cDLC |
||
| 041 | _aeng | ||
| 080 |
_a92 _bC-61 |
||
| 100 |
_91326 _aClinton, Bill |
||
| 245 |
_aMy Life / Volume 1: The Early Years _c/ by: Vintage Books |
||
| 260 |
_aNew York _bVintage Books _c2005 |
||
| 300 |
_a646 p. _bill. |
||
| 365 | _b7.99 usd | ||
| 650 | 0 |
_9237 _aBiography |
|
| 653 | _aბიოგრაფია | ||
| 942 |
_2udc _cBK |
||
| 999 |
_c2086 _d2086 |
||